Economic and geopolitical aspects of unconventional natural gas

Objavenie zásob bridlicového plynu a jeho dopad na svetovú ekonomiku.

Gespeichert in:
Bibliographische Detailangaben
1. Verfasser: Bocora, Ján
Format: Buchkapitel
Sprache:Englisch
Schlagworte:
Tags: Tag hinzufügen
Keine Tags, Fügen Sie das erste Tag hinzu!

MARC

LEADER 00000nla a2200000 4500
001 0164009
005 20240502072844.0
041 0 |a eng 
044 |a SK 
245 1 0 |a Economic and geopolitical aspects of unconventional natural gas  |c Ján Bocora 
520 |a Objavenie zásob bridlicového plynu a jeho dopad na svetovú ekonomiku. 
610 2 0 |a plyn 
610 2 0 |a zdroje energie prírodné 
610 2 0 |a hospodárstvo svetové 
100 1 |a Bocora, Ján